书目信息 |
| 题名: |
哲学短篇集
|
|
| 作者: | 费尔巴哈 著 ;洪谦 , 荣震华 , 王太庆 译 | |
| 分册: | 第11卷 | |
| 出版信息: | 北京 商务印书馆 2022.07 |
|
| 页数: | 191页 | |
| 开本: | 23cm | |
| 丛书名: | 费尔巴哈文集 | |
| 单 册: | ||
| 中图分类: | B516.36 | |
| 科图分类: | ||
| 主题词: | 哲学--欧洲 | |
| 电子资源: | ||
| ISBN: | 978-7-100-20805-5 | |
| 000 | 01397nam0 2200265 450 | |
| 001 | 2436140172 | |
| 005 | 20240424100603.06 | |
| 010 | @a978-7-100-20805-5@dCNY92.00 | |
| 100 | @a20240424d2022 km y0chiy0120 ea | |
| 101 | 0 | @achi |
| 102 | @aCN@b110000 | |
| 200 | 1 | @a哲学短篇集@AZhe Xue Duan Pian Ji@h第11卷@f(德) 费尔巴哈著;洪谦, 荣震华, 王太庆等译@F(De)Fei Er Ba Ha Zhu;Hong Qian,Rong Zhen Hua,Wang Tai Qing Deng Yi |
| 210 | @a北京@c商务印书馆@d2022.07 | |
| 215 | @a191页@d23cm | |
| 225 | 2 | @a费尔巴哈文集 |
| 300 | @a本卷收录10篇文章, 分别为 : 1. 说明我的哲学思想发展过程的片段, 2. 论“哲学的开端 ” , 3. 改革哲学的必要性, 4. 关于哲学改造的临时纲要, 5. 黑格尔哲学批判, 6. 谢林先生, 7. 反对身体和灵魂、肉体和精神的二元论, 8. 对《哲学原理》的批评意见 , 9. 因《唯一者及其所有物》而论《基督教的本质》, 10. 法和国家。 其中九篇表达了费尔巴哈的基本哲学观, 其中既有费尔巴哈对别的其他哲学家的述评, 也有费尔巴哈对自己哲学思想的直接表达。 在这些内容中, 费尔巴哈阐述了其基本的哲学观, 设想了新的哲学, 并提出了明确的改造哲学的方案。 另有一篇阐释了费尔巴哈的法哲学观点。 | |
| 410 | 0 | @12001 @a费尔巴哈文集 |
| 606 | 0 | @a哲学@x欧洲 |
| 690 | @aB516.36@v4 | |
| 701 | 0 | @a费尔巴哈@AFei Er Ba Ha@4著 |
| 702 | 0 | @a洪谦@AHong Qian@4译 |
| 702 | 0 | @a荣震华@ARong Zhen Hua@4译 |
| 702 | 0 | @a王太庆@AWang Tai Qing@4译 |
| 801 | 0 | @aCN@b河南城建学院图书馆@c20240424 |
| 905 | @dB516.36@eF34010:11 | |
| 哲学短篇集.第11卷/(德) 费尔巴哈著;洪谦, 荣震华, 王太庆等译.-北京:商务印书馆,2022.07 |
| 191页;23cm.-(费尔巴哈文集) |
| 本卷收录10篇文章, 分别为 : 1. 说明我的哲学思想发展过程的片段, 2. 论“哲学的开端 ” , 3. 改革哲学的必要性, 4. 关于哲学改造的临时纲要, 5. 黑格尔哲学批判, 6. 谢林先生, 7. 反对身体和灵魂、肉体和精神的二元论, 8. 对《哲学原理》的批评意见 , 9. 因《唯一者及其所有物》而论《基督教的本质》, 10. 法和国家。 其中九篇表达了费尔巴哈的基本哲学观, 其中既有费尔巴哈对别的其他哲学家的述评, 也有费尔巴哈对自己哲学思想的直接表达。 在这些内容中, 费尔巴哈阐述了其基本的哲学观, 设想了新的哲学, 并提出了明确的改造哲学的方案。 另有一篇阐释了费尔巴哈的法哲学观点。 |
| ISBN 978-7-100-20805-5:CNY92.00 |
| ● |
| 相关链接 |
|
|
|
正题名:哲学短篇集
索取号:B516.36/F34010:11
 
预约/预借
| 序号 | 登录号 | 条形码 | 馆藏地/架位号 | 状态 | 备注 |
| 1 | 1552620 | 215526205 | 马克思主义学院/ [索取号:B516.36/F34010:11] | 在馆 |